Score 0/24 Timer 04:00
1 Play Today
% Correct
Hose
96.2%
Helicopter
95.7%
Hamburger
95.6%
Harp
95.1%
Hamster
94.9%
Highlighter
94.8%
Hippopotamus
94.3%
Hard Hat
92.7%
Hammer
92.6%
High Heels
90.7%
Hula Hoops
90.3%
Hydrant
89.9%
% Correct
Hedgehog
89.4%
Hawk
89.3%
Henna
88.1%
Horn
85.5%
Hockey mask
78.8%
Hazelnuts
77.9%
Honeycomb
71.7%
Holly
70%
Hourglass
69.3%
Hummus
58.1%
Halibut
39.1%
Hops
31.2%

You're not logged in!

Compare scores with friends on all Sporcle quizzes.
OR
Log In

Sporcle TV

Today on Sporcle TV


Watch our educational content, quiz creation guides, and fun videos on Sporcle TV.

Show Comments

Extras

Top Quizzes Today


Score Distribution

Paid Content

Your Account Isn't Verified!

In order to create a playlist on Sporcle, you need to verify the email address you used during registration. Go to your Sporcle Settings to finish the process.

Report this User

Report this user for behavior that violates our Community Guidelines.

Details: